Československá vlastivěda Díl VIII Umění

Bibliographic Details
Format: Book
Language:Czech
PhysicalDescription:759 s. Fotogr. Ilustr. 26 cm
Published: Praha Sfinx, Bohumil Janda 1935
Subjects:

MARC

LEADER 00000nam a2200000 a 4500
001 vtls001319922
003 SK-MaSNL
005 20260311141029.0
008 160115s1935 xr oa 0 100 cze
035 |a SNK000272542 
040 |a SNK  |b slo  |c SNK  |e AACR2 
041 |a cze 
044 |a xr  |c CZ 
080 |a 72/76(091)(437)  |2 2001 
245 0 |a Československá vlastivěda  |n Díl VIII  |n Umění  |c vrchní redakce Václav Dědina ; odborná redakce Jan Branberger, Zdeněk Wirth ; obálka a vazba Jaroslav Benda 
260 |a Praha  |b Sfinx, Bohumil Janda  |c 1935  |e Český Těšín  |f K. Procházka 
300 |a 759 s.  |b Fotogr. Ilustr.  |c 26 cm 
500 |a Vychází pod protektorátem Masarykovy akademie práce 
504 |a Bibliogr. odkazy. Reg. 
650 0 7 |a vlastiveda  |2 SNKPH  |9 3887 
650 0 7 |a umenie  |x dejiny  |2 SNKPH  |9 401521 
651 7 |a Československo  |2 SNKPH  |9 21376 
700 1 |a Dědina, Václav,  |d 1870-1956  |4 red  |9 289594 
700 1 |a Branberger, Jan  |4 red  |9 632768 
700 1 |a Wirth, Zdeněk,  |d 1878-1961  |4 red  |9 256503 
958 |a OND 
999 |c 975168  |d 977098 
952 |a SNK  |b SNK  |y PREZ  |7 0  |p 17A0741200  |o snkSB 6404/8  |0 0  |1 0  |4 0  |d 2011-11-04  |f 1  |l 0  |r 2026-02-24 11:02:41  |w 2026-02-24 
952 |a SNK  |b SNK  |y VYP  |7 0  |p 17A0490451  |o snkSB 6404/8 D2  |i snkK 3206/61  |0 0  |1 0  |4 0  |d 2006-02-02  |l 0  |r 2026-02-24 11:02:41  |w 2026-02-24 
952 |t snkCSV/8 908(437)  |a SNKUST  |b SNKUST  |y PREZ  |7 0  |p 17A0081213  |o snkSB 6404/8 D1  |i snkK 2178/61  |8 3  |0 0  |1 0  |4 0  |d 1998-02-09  |l 0  |r 2025-05-29 00:00:00  |w 2026-02-24